Statistics for Australian Cities A-Z

Click here to take the quiz!

General Stats

  • This quiz has been taken 86 times
  • The average score is 13 of 21

Answer Stats

HintCity% Correct
B"Brizzie" is its slang nameBrisbane
96%
PWorld's most isolated major cityPerth
96%
SLocation of the Bondi BeachSydney
96%
M1956 Summer Olympics hostMelbourne
93%
DWas attacked by Japan in 1942Darwin
91%
ANearest large town to UluruAlice Springs
81%
NLocated upon Hunter, not TyneNewcastle
78%
HIts harbor forms world's
second-deepest natural port
Hobart
74%
CGateway to great barrier reefCairns
73%
GBiggest non-state-capital cityGold Coast
57%
VPopular tourist destination in SA{Victor} Harbor
54%
TThe unofficial capital of
North Queensland
Townsville
53%
IShares its name with a city
in UK's Suffolk county
Ipswich
50%
ONamed in honor of a Dutch kingOrange
50%
FIts harbor serves as the port of P{Freman}tle
46%
WHome to southern hemisphere's
largest Buddhist temple
Wollongong
46%
LSecond-biggest city of TasmaniaLaunceston
45%
QLocated adjacent to ACT{Quean}beyan
42%
KWA city famous for its gold mines{Kalgoor}lie
39%
RHometown of Rod LaverRockhampton
32%
EWA city with US a military baseExmouth
8%

Score Distribution

Percentile by Number Answered

Percent of People with Each Score

Your Score History

You have not taken this quiz